000 02261nam a2200457 c 4500
003 BLK
005 20240911005418.0
008 180409b bul|||||r ||||||| ||bul||
010 _aKNG00139714000
020 _a978-954-8190-96-1
_bиздат.: Лени-Ан
040 _aBLK
041 _aBUL
_cBUL
072 7 _2bullib
_aК
_xКраезнание
072 7 _2bullib
_aЯ
_xАвтографи
080 _aБългарска литература
_b821.163.2
_x(092)
_z821.163.2(092)
080 _aБългарска литература
_b821.163.2
_x-32.09
_z821.163.2-32.09
080 _aБългарски писател и преводач
_b929 Константинов, Константин Илиев
_x
_z929 Константинов, Константин Илиев
100 _aДушкова, Мира Живодарова
_d1974-
_9268631
139 _aДушкова, Мира Живодарова
_bД 94
245 1 0 _a[Семпер Идем] Semper Idem : Константин Константинов. Поетика на късните разкази
_bТрета класа, Ден по ден, Седем часът заранта : Моногр.
_cМира Живодарова Душкова.
257 _aBGR
260 Русе
_bЛени-Ан
_c2012
300 _a298 с.
_c24 см
380 _a82
500 _aБиблиогр. с.250-265 и под линия. - Показалци ; Животопис на К. Константинов. - Съдържа и за авт.
600 0 _aКонстантинов, Константин Илиев
_9364283
650 4 _aКонстантинов, Константин Илиев
_9364283
650 0 _aПисатели, български - литературна критика
_9246168
651 4 _aБългария
_9241624
653 _aКонстантин Константинов
653 _aбългарски писатели
653 _aлитературна критика
659 _aК
659 _aЯ
852 _aЦб 258377
856 4 _qpdf
_u
856 4 _qpdf
_u
942 _cKNG
_n0
944 _aCR
_c19.02.2013
_lCRON CRON
_k
944 _aED
_c06.01.2015
_lф /
_kЛюдмила_Стоянова
999 _c133813
_d133813